Sociologie a sociální praxe

Saved in:
Bibliographic Details
Main Author: Jachiel, Niko
Other Authors: Šimková, Blaguna
Format: Book
Language:Czech
Published: Praha Svoboda 1989
Edition:1. vyd.
Series:Sociologická knižnice
Tags: Add Tag
No Tags, Be the first to tag this record!

MARC

LEADER 00000nam a2200000 4500
001 c030867
005 20260121070250.7
041 0 |a cze 
044 |a CZ 
245 1 0 |a Sociologie a sociální praxe  |c Niko Jachiel ; [Z bul. prel.] Blaguna Šimková 
250 |a 1. vyd. 
264 1 |a Praha  |b Svoboda  |c 1989 
300 |a 341 s. 
490 1 |a Sociologická knižnice 
830 0 |a Sociologická knižnice 
100 1 |a Jachiel, Niko 
700 1 |a Šimková, Blaguna